| 000 | 00707nas a2200217 a 4500 | ||
|---|---|---|---|
| 001 | 000037318 | ||
| 003 | DO-SdBNP | ||
| 005 | 20240902095158.0 | ||
| 008 | 120327c20119999dr ur1p dd 0 0spa d | ||
| 040 |
_aDO-SdBNP _bspa _cBNPHU |
||
| 043 | _anwdr | ||
| 222 | 2 | _aRevista Inmobiliaria | |
| 245 | 0 | 0 |
_aUrbe : _bguía inmobiliaria. |
| 260 |
_aSanto Domingo :, _c2011 _bCaribe Servicios de Información Dominicana. |
||
| 300 |
_av.- : _bil., retrs. ; _c29 cm. |
||
| 310 | _aDesconocida | ||
| 362 | 1 | _aAño 5. edición 15 2011 | |
| 500 | _aCatalogación basada en : Año 5. edición 15 2011 | ||
| 651 | 0 |
_aBienes Raices _xGuías _vPUBLICACIONES PERÍODICAS _zRepública Dominicana _963776 |
|
| 942 |
_2ddc _cISSUE |
||
| 999 |
_c36808 _d36808 |
||